Word Ladder: Musical Symbols Quiz Stats

 Plays Quiz Updated Aug 20, 2014

Support Sporcle.
Go Orange.
Score 0/20 Timer 03:00
0 Plays Today
# 4-Letter Word % Correct
2CHEF
98.2%
15ROSE
93.8%
8FLAP
93.7%
7FLOP
93.6%
6CLOP
93%
5CHOP
90.7%
3CHEW
89%
1~ CLEF ~
88.8%
4CHOW
88.6%
13RUST
84.7%
# 4-Letter Word % Correct
9~ FLAT ~
84%
14RUSE
82.4%
12~ REST ~
79.4%
10FEAT
77.8%
19CODE
74.3%
11FEST
73.9%
16NOSE
71.1%
17~ NOTE ~
63.8%
20~ CODA ~
59.8%
18COTE
55.8%

Today's Daily Dose

Missing Word
1944 Movies A-Z

Word Ladder
An Angry Alt+F4

Get the Picture
Colors in 4 Languages

You're not logged in!

Compare scores with friends on all Sporcle quizzes.
OR
Log In
Remove Ads.
Support Sporcle.
Get the best of Sporcle when you Go Orange. This ad-free experience offers more features, more stats, and more fun while also helping to support Sporcle. Thank you for becoming a member.

Show Comments

Extras

Top Quizzes Today


Score Distribution

Your Account Isn't Verified!

In order to create a playlist on Sporcle, you need to verify the email address you used during registration. Go to your Sporcle Settings to finish the process.

Report this User

Report this user for behavior that violates our Community Guidelines.

Details: